Účtovné a daňové odpisy
Zákon č. 431/2002 Z. z.; Daňové odpisy hmotného a nehmotného majetku. Právo odpisovať majetok a metódy odpisovania majetku. Obmedzenia pri uplatňovaní odpisov. Príklady z praxe.
Saved in:
| Main Author: | |
|---|---|
| Format: | Book Chapter |
| Language: | Slovak |
| Subjects: | |
| Tags: |
No Tags, Be the first to tag this record!
|
MARC
| LEADER | 00000naa a2200000 4500 | ||
|---|---|---|---|
| 001 | 0241682 | ||
| 005 | 20180404105508.6 | ||
| 041 | 0 | |a slo | |
| 044 | |a SK | ||
| 245 | 1 | 0 | |a Účtovné a daňové odpisy |c Martina Oravcová |
| 520 | |a Zákon č. 431/2002 Z. z.; Daňové odpisy hmotného a nehmotného majetku. Právo odpisovať majetok a metódy odpisovania majetku. Obmedzenia pri uplatňovaní odpisov. Príklady z praxe. | ||
| 610 | 2 | 0 | |a odpisy |
| 610 | 2 | 0 | |a odpisy daňové |
| 610 | 2 | 0 | |a odpisy účtovné |
| 610 | 2 | 0 | |a Slovensko |
| 610 | 2 | 0 | |a majetok hmotný |
| 610 | 2 | 0 | |a majetok nehmotný |
| 610 | 2 | 0 | |a metódy účtovné |
| 610 | 2 | 0 | |a výdavky daňové |
| 100 | 1 | |a Oravcová, Martina | |